000 00673nam a22002057a 4500
005 20250709143713.0
010 _aENG-145894
020 _c395.00
_a9789395368124
035 _aEN-129426
037 _bDBAD
082 _a371.73
100 _aDash, Biranchi Narayan
_982851
245 _aHealth And Physical Education/
_cBiranchi Narayan Dash and Manendra Rao. PUVN
250 _a1
260 _aHyderabad
_bNeelkamal Publications Pvt. Ltd.
_c2023
270 _bHyderabad
_aSultan Bazar, Koti, Hyderabad
_e500001
_k040-24757140
_k+91 9811828953
300 _a303 p.
_c24 cm(pb)
700 _aPUVN, Manendra Rao
_982838
942 _2ddc
_cEN
_h371.73
_mDAS
999 _c212286
_d212286